| 000 | 00365nmm a2200145 a 4500 | ||
|---|---|---|---|
| 003 | AR-BaBNM | ||
| 005 | 20251128203102.0 | ||
| 008 | 303119s[s.f ||||||||||||||000 | spa|| | ||
| 040 | _cAR-BaBNM | ||
| 100 | 1 | _aRaffo de la Reta, Julio César | |
| 245 | 1 | 0 | _aLecciones de historia argentina |
| 260 |
_aBuenos Aires _bEstrada _c[s.f.] |
||
| 942 | _cBK | ||
| 998 | _cPicasso | ||
| 999 |
_c1812 _d1812 |
||